Kiváló szövetkezet a makói József Attila
Elmentve itt :
| Dokumentumtípus: | Cikk |
|---|---|
| Megjelent: |
1978-05-17
|
| Sorozat: | Délmagyarország
68 No. 114 |
| Kulcsszavak: | Makó, Mezőgazdaság termelőszövetkezet Makó, József Attila Termelőszövetkezet (Makó) |
| Online Access: | http://dmarchiv.bibl.u-szeged.hu/84863 |
| LEADER | 00494nab a2200145 i 4500 | ||
|---|---|---|---|
| 001 | delm84863 | ||
| 005 | 20190517113048.0 | ||
| 008 | 190517s1978 hu o 0|| hun d | ||
| 040 | |a SZTE Délmagyarország Archívum |b hun | ||
| 041 | |a hun | ||
| 245 | 0 | 0 | |a Kiváló szövetkezet a makói József Attila |h [elektronikus dokumentum] |
| 260 | |c 1978-05-17 | ||
| 300 | |a 3 | ||
| 490 | 0 | |a Délmagyarország |v 68 No. 114 | |
| 695 | |a Makó, Mezőgazdaság termelőszövetkezet Makó, József Attila Termelőszövetkezet (Makó) | ||